Atlas of the 2012 elections /

Bibliographic Details
Corporate Author: EBSCOhost
Other Authors: Archer, J. Clark (Editor, Cartographer)
Format: Map
Language:English
Published: Lanham : Rowman & Littlefield, [2014]
Subjects:
Online Access:Connect to the full text of this electronic book

MARC

Tag First Indicator Second Indicator Subfields
LEADER 00000cem a22000001i 4500
001 in00003500021
006 m |o d |
007 cr |n|||||||||
007 a| |||||
008 141117s2014 mdu o e o 1 eng d
005 20260609153900.9
020 |a 144222584X (electronic bk.) 
020 |a 9781442225848 (electronic bk.) 
020 |z 9781442225831 (cloth : alk. paper) 
020 |z 1442225831 (cloth : alk. paper) 
035 |a (NhCcYBP)EBSCO863687 
040 |a NhCcYBP  |c NhCcYBP  |d UtOrBLW 
050 4 |a G1201.F9  |b A8 2014 
052 |a 3701 
082 0 4 |a 324.973/0932  |2 23 
245 0 0 |a Atlas of the 2012 elections /  |c edited by J. Clark Archer [and 7 others] ; cartography by J. Clark Archer and Robert H. Watrel. 
264 1 |a Lanham :  |b Rowman & Littlefield,  |c [2014] 
300 |a 1 online resource. 
336 |a cartographic image  |b cri  |2 rdacontent 
337 |a computer  |b c  |2 rdamedia 
338 |a online resource  |b cr  |2 rdacarrier 
500 |a "Edited by J. Clark Archer, Robert H. Watrel, Fiona Davidson, Erin H. Fouberg, Kenneth C. Martis, Richard L. Morrill, Fred M. Shelley, Gerald R. Webster." 
504 |a Includes bibliographical references and index. 
588 |a Description based on print version record. 
500 |a Electronic resource. 
610 1 0 |a United States.  |b Congress  |x Elections, 2012  |v Maps. 
650 0 |a Presidents  |z United States  |x Election  |y 2012  |v Maps. 
650 0 |a Voting  |z United States  |v Maps. 
650 0 |a Political campaigns  |z United States  |v Maps. 
650 0 |a Elections  |z United States  |v Maps. 
650 0 |a Elections  |z United States  |v Statistics. 
655 7 |a Electronic books.  |2 local 
700 1 |a Archer, J. Clark,  |e editor,  |e cartographer. 
710 2 |a EBSCOhost. 
776 1 8 |c Original  |z 9781442225831  |z 1442225831  |w (DLC) 2014025512 
856 4 0 |u http://proxy.library.tamu.edu/login?url=https://search.ebscohost.com/login.aspx?direct=true&scope=site&db=nlebk&db=nlabk&AN=863687  |z Connect to the full text of this electronic book  |t 0 
955 |a YBP purchased approval e-records 
999 |a MARS 
999 f f |s 1ab0256f-1e15-3559-8fe0-07c1e504bf7d  |i ea8a011a-da79-303a-b68d-13a90232f116  |t 0 
952 f f |a Texas A&M University  |b College Station  |c Electronic Resources  |s www_evans  |d Available Online  |t 0  |e G1201.F9 A8 2014  |h Library of Congress classification 
998 f f |a G1201.F9 A8 2014  |t 0  |l Available Online